Financial Institutions Management : (Record no. 13790)
[ view plain ]
| 000 -LEADER | |
|---|---|
| fixed length control field | 01367cam a2200349 a 4500 |
| 001 - CONTROL NUMBER | |
| control field | 14907216 |
| 005 - DATE AND TIME OF LATEST TRANSACTION | |
| control field | 20161205105404.0 |
| 008 - FIXED-LENGTH DATA ELEMENTS--GENERAL INFORMATION | |
| fixed length control field | 070628s2008 maua |r 001 0 eng |
| 010 ## - LIBRARY OF CONGRESS CONTROL NUMBER | |
| LC control number | 2007026797 |
| 020 ## - INTERNATIONAL STANDARD BOOK NUMBER | |
| International Standard Book Number | 9780071267045 |
| 020 ## - INTERNATIONAL STANDARD BOOK NUMBER | |
| International Standard Book Number | 0071267042 |
| 035 ## - SYSTEM CONTROL NUMBER | |
| System control number | (OCoLC)ocn148730549 |
| 035 ## - SYSTEM CONTROL NUMBER | |
| System control number | (OCoLC)148730549 |
| 040 ## - CATALOGING SOURCE | |
| Original cataloging agency | DLC |
| Transcribing agency | DLC |
| Modifying agency | YDX |
| -- | BTCTA |
| -- | BAKER |
| -- | YDXCP |
| -- | BWX |
| -- | DLC |
| 043 ## - GEOGRAPHIC AREA CODE | |
| Geographic area code | n-us--- |
| 050 00 - LIBRARY OF CONGRESS CALL NUMBER | |
| Classification number | HG181 |
| Item number | .S33 2008 |
| 082 00 - DEWEY DECIMAL CLASSIFICATION NUMBER | |
| Classification number | 332.1068 |
| Edition number | 22 |
| Item number | SAU |
| 100 1# - MAIN ENTRY--PERSONAL NAME | |
| 9 (RLIN) | 13147 |
| Personal name | Saunders, Anthony, |
| Dates associated with a name | 1949- |
| 245 10 - TITLE STATEMENT | |
| Title | Financial Institutions Management : |
| Remainder of title | A Risk Management Approach / |
| Statement of responsibility, etc | Anthony Saunders, Marcia Millon Cornett. |
| 250 ## - EDITION STATEMENT | |
| Edition statement | 6th ed. |
| 260 ## - PUBLICATION, DISTRIBUTION, ETC. (IMPRINT) | |
| Place of publication, distribution, etc | Boston : |
| Name of publisher, distributor, etc | McGraw-Hill Irwin, 2008 |
| Date of publication, distribution, etc | c2008. |
| 300 ## - PHYSICAL DESCRIPTION | |
| Extent | xxii, 871 p. : |
| Other physical details | ill. ; |
| Dimensions | 27 cm. |
| 490 ## - Series Statement | |
| Series statement | The McGraw-Hill/Irwin series in finance, insurance, and real estate |
| 500 ## - GENERAL NOTE | |
| General note | Includes index. |
| 650 #0 - SUBJECT ADDED ENTRY--TOPICAL TERM | |
| Topical term or geographic name as entry element | Financial institutions |
| Geographic subdivision | United States |
| General subdivision | Management. |
| 9 (RLIN) | 13148 |
| 650 #0 - SUBJECT ADDED ENTRY--TOPICAL TERM | |
| Topical term or geographic name as entry element | Risk management |
| Geographic subdivision | United States. |
| 9 (RLIN) | 13149 |
| 650 #0 - SUBJECT ADDED ENTRY--TOPICAL TERM | |
| Topical term or geographic name as entry element | Financial services industry |
| Geographic subdivision | United States |
| General subdivision | Management. |
| 9 (RLIN) | 13150 |
| 700 1# - ADDED ENTRY--PERSONAL NAME | |
| Personal name | Cornett, Marcia Millon. |
| 9 (RLIN) | 13151 |
| 856 41 - ELECTRONIC LOCATION AND ACCESS | |
| Materials specified | Table of contents only |
| Uniform Resource Identifier | <a href="http://www.loc.gov/catdir/toc/ecip0721/2007026797.html">http://www.loc.gov/catdir/toc/ecip0721/2007026797.html</a> |
| 942 ## - ADDED ENTRY ELEMENTS (KOHA) | |
| Source of classification or shelving scheme | Dewey Decimal Classification |
| Item type | Book - Borrowing |
| Withdrawn status | Item status | Source of classification or shelving scheme | Damaged status | Not for loan | Vendor | Home library | Current library | Shelving location | Date acquired | Source of acquisition | Cost, normal purchase price | Serial Enumeration / chronology | Total Checkouts | Full call number | Barcode | Date last seen | Date last borrowed | Koha item type | Total Renewals |
|---|---|---|---|---|---|---|---|---|---|---|---|---|---|---|---|---|---|---|---|
| Dewey Decimal Classification | Baccah | Central Library | Central Library | First floor | 25/03/2010 | 211.20 | 9837 | 1 | 332.1068 SAU | 000020358 | 15/07/2025 | 27/03/2011 | Book - Borrowing | ||||||
| Dewey Decimal Classification | Academic Bookshop | Central Library | Central Library | First floor | 05/02/2012 | 240.00 | 2000051 | 2 | 332.1068 SAU | 000025998 | 15/07/2025 | 13/10/2021 | Book - Borrowing | 1 |